PV Textbook of Nutrition (Record no. 143757)

MARC details
000 -LEADER
fixed length control field 00368nam a2200145Ia 4500
008 - FIXED-LENGTH DATA ELEMENTS--GENERAL INFORMATION
fixed length control field 230314s9999 xx 000 0 und d
020 ## - INTERNATIONAL STANDARD BOOK NUMBER
International Standard Book Number 978-93-81390-18-4
041 ## - LANGUAGE CODE
Language code of text/sound track or separate title eng
082 ## - DEWEY DECIMAL CLASSIFICATION NUMBER
Classification number N/613.2/SOH/DB0377
100 ## - MAIN ENTRY--PERSONAL NAME
Personal name Sohi Darshan
245 ## - TITLE STATEMENT
Title PV Textbook of Nutrition
260 ## - PUBLICATION, DISTRIBUTION, ETC. (IMPRINT)
Name of publisher, distributor, etc. S Vikas and Co
Place of publication, distribution, etc. Jalandhar
Date of publication, distribution, etc. 2014
300 ## - PHYSICAL DESCRIPTION
Extent 467
Holdings
Withdrawn status Lost status Damaged status Not for loan Collection code Home library Current library Date acquired Cost, normal purchase price Bill number Total Checkouts Total Renewals Full call number Barcode Date last seen Date last checked out Bill Date Koha item type Original Barcode Source of classification or shelving scheme Vendor Cost, replacement price
          Sitabai Nargundkar College of Nursing Nagpur Sitabai Nargundkar College of Nursing Nagpur 26/08/2025 116.00 IK#2025-26#00668     N/613.2/SOH/DB0377 SNCN-DB-337 17/09/2025   26/08/2025 Donated Book   Dewey Decimal Classification Donated by Punam Rajresh Shambharkar 116.00
          Smt. Bakul Tambat Institute of Nursing Education Smt. Bakul Tambat Institute of Nursing Education 20/04/2018 465.00 79 22 17 N 613.2 SOH DB0681 BTIN-DB-681 21/07/2025 23/06/2025 20/05/2015 Donated Book DB0681